书目信息 |
| 题名: |
花束设计基础
|
|
| 作者: | 哈克 主编 ;戴子纶 , 华曼惟 译 | |
| 分册: | ||
| 出版信息: | 郑州 中原农民出版社 2018 |
|
| 页数: | 159页 | |
| 开本: | 30cm | |
| 丛书名: | ||
| 单 册: | ||
| 中图分类: | S688.2 | |
| 科图分类: | ||
| 主题词: | 花卉装饰--教材 | |
| 电子资源: | ||
| ISBN: | 978-7-5542-1871-6 | |
| 000 | 00869nam0 2200265 450 | |
| 001 | 012001005260 | |
| 005 | 20131111154648.0 | |
| 010 | @a978-7-5542-1871-6@dCNY198.00 | |
| 100 | @a20190226d2018 em y0chiy50 ea | |
| 101 | 1 | @achi@cger |
| 102 | @aCN@b410000 | |
| 105 | @aa z 000yy | |
| 106 | @ar | |
| 200 | 1 | @a花束设计基础@9hua shu she ji ji chu@f(德)卡尔·米歇尔·哈克主编@g戴子纶,华曼惟译 |
| 210 | @a郑州@c中原农民出版社@d2018 | |
| 215 | @a159页@c彩图@d30cm | |
| 300 | @aBLOOM'S花艺基础教材 Vol.2 | |
| 330 | @a本书中对花束的分类并非严格,只是分别强调了这些迷人作品的不同方面,可能会出现类同现象,试着重新分类。 | |
| 606 | 0 | @a花卉装饰@j教材 |
| 690 | @aS688.2@v5 | |
| 701 | 0 | @c(德)@a哈克@9ha ke@4主编 |
| 702 | 0 | @a戴子纶@9dai zi lun@4译 |
| 702 | 0 | @a华曼惟@9hua man wei@4译 |
| 801 | 0 | @aCN@b江苏凤凰@c20191020 |
| 905 | @b1213120-2@dS688.2@e601@f3 | |
| 花束设计基础/(德)卡尔·米歇尔·哈克主编/戴子纶,华曼惟译.-郑州:中原农民出版社,2018 |
| 159页:彩图;30cm |
| BLOOM'S花艺基础教材 Vol.2 |
| ISBN 978-7-5542-1871-6:CNY198.00 |
| 本书中对花束的分类并非严格,只是分别强调了这些迷人作品的不同方面,可能会出现类同现象,试着重新分类。 |
| ● |
| 相关链接 |
|
|
|
|
正题名:花束设计基础
索取号:S688.2/601
 
预约/预借
| 序号 | 登录号 | 条形码 | 馆藏地/架位号 | 状态 | 备注 |
| 1 | 1213120 | 212131209 | 第二样本阅览室/ [索取号:S688.2/601] | 在馆 | |
| 2 | 1213121 | 212131218 | 第三借阅区/ [索取号:S688.2/601] | 在馆 | |
| 3 | 1213122 | 212131227 | 第三借阅区/ [索取号:S688.2/601] | 在馆 |